00806nam a2200229Ia 450000500170000000800410001702000140005804000190007204100120009108200150010324500870011826000480020530000130025344000390026650400500030563000530035563000420040865000530045065100420050370000210054585000100056620230320090556.0131103s9999 xx 000 0 und d a-52179538 aLoreto College aEnglish a822.8bPOW 4aThe cambridge companion to Victorian and Edwardian theatrecEdited by Kerry Powell aCambridgebCambridge University Pressc2004 axv,288p  aCambridge companions to literature aIncludes bibliographical references and index aEnglish drama-19th century-History and criticism aTheater-England -History-19th century aEnglish drama-20th century-History and criticism aTheater-England -History-20th century aPowell,Kerry;ed. aLCLIB